Tous les circuits dans l'histoire du championnat du monde de F1 - Statistiques

Statistiques générales
  • Ce quiz a été pris 183 fois
  • Le résultat moyen est 30 sur 77
Statistiques - réponses
Pays Année d'apparition Réponse % Correct
Monaco 1950 Circuit de Monaco
94%
Italie 1950 Autodromo Nazionale Monza
92%
Royaume-Uni 1950 Silverstone Circuit
92%
Belgique 1950 Circuit de Spa-Francorchamps
91%
Italie 1980 Internazionale Enzo e Dino Ferrari
86%
Etats-Unis 2023 Las Vegas Street Circuit
86%
Etats-Unis 2022 Miami International Autodrome
82%
Etats-Unis 2012 Circuit of The Americas
77%
Espagne 1969 Montjuic Circuit
77%
Azerbaïdjan 2016 Baku City Circuit
76%
France 1971 Circuit Paul Ricard
76%
Singapour 2008 Marina Bay Street Circuit
73%
Japon 1987 Suzuka International Racing Course
72%
Australie 1996 Albert Park Circuit
71%
Bahrein 2004 Bahrain International Circuit
70%
Arabie Saoudite 2021 Jeddah Corniche Circuit
70%
Espagne 1951 Circuito de Pedralbes
67%
Emirats Arabes Unis 2009 Yas Marina Circuit
67%
Portugal 2020 Autòdromo Internacional do Algarve
62%
France 1991 Circuit de Nevers Magny-Cours
61%
Canada 1978 Circuit Gilles Villeneuve
61%
Qatar 2021 Losail International Circuit
60%
France 1967 Circuit Bugatti
59%
Pays-Bas 1952 Circuit Zandvoort
58%
Hongrie 1986 Hungaroring
58%
Russie 2014 Sochi Autodrom
58%
Mexique 1963 Autòdromo Hermanos Rodriguez
57%
Autriche 1970 Österreichring (Red Bull Ring)
55%
Allemagne 1970 Hockenheimring
52%
Etats-Unis 1950 Indianapolis Motor Speedway
52%
Chine 2004 Shanghai International Circuit
52%
Turquie 2005 Intercity Istanbul Park
51%
Brésil 1973 Autòdromo José Carlos Pace
49%
Italie 2020 Autodromo Internazionale del Mugello
48%
Espagne 1968 Circuito Permanente del Jarama
44%
France 1974 Circuit de Dijon-Prenois
42%
Argentine 1953 Autòdromo Oscar Alfredo Gàlvez
39%
Japon 1976 Fudji Speedway
33%
Suisse 1950 Circuit Bremgarten
32%
Australie 1985 Adelaïde Street Circuit
31%
Espagne 2008 Valencia Street Circuit
31%
Corée du Sud 2010 Korea International Circuit
29%
Espagne 1986 Circuito de Jerez- Àngel Nieto
28%
Allemagne 1959 Avus
27%
France 1950 Circuit de Reims-Gueux
27%
Portugal 1959 Circuito de Monsato
27%
Malaisie 1999 Sepang International Circuit
27%
Maroc 1958 Ain-Diab Circuit
25%
Etats-Unis 1982 Detroit Street Circuit
24%
France 1952 Circuit de Rouen-les-Essarts
23%
Portugal 1984 Circuito do Estoril
23%
Portugal 1958 Circuito da Boavista
22%
Inde 2011 Buddh International Circuit
21%
Royaume-Uni 1964 Brands Hatch
18%
Etats-Unis 1984 Fair Park Street Circuit
17%
Brésil 1978 Autòdromo de Jacarepaguà
16%
Canada 1968 Circuit Mont-Tremblant
12%
Etats-Unis 1976 Long Beach Street Circuit
11%
Etats-Unis 1961 Watkins Glen International
11%
Royaume-Uni 1993 Donington Park
9%
Belgique 1972 Nivelles-Baulers
8%
Etats-Unis 1989 Phoenix Street Circuit
8%
Belgique 1973 Circuit Zolder
7%
Japon 1994 Okayama International Circuit
7%
Italie 1957 Pescara Circuit
7%
Autriche 1964 Zeltweg Airfield
7%
Etats-Unis 1981 Caesars Palace Grand Prix Circuit
6%
Etats-Unis 1959 Sebring International Raceway
6%
Royaume-Uni 1955 Aintree Motor Racing Circuit
5%
Espagne 1991 Circuit de Barcelona-Catalunya
5%
Afrique du Sud 1967 Kyalami Grand Prix Circuit
5%
Suède 1973 Scandanivian Raceway
5%
France 1965 Circuit de Charade
4%
Allemagne 1951 Nüburgring
3%
Afrique du Sud 1962 Prince George Circuit
3%
Canada 1967 Mosport Park
2%
Etats-Unis 1960 Riverside International Raceway
1%
Aucun quiz correspondant
Distribution des résultats
% des personnes avec chaque résultat
Percentile par nombre de réponses
Votre historique - résultats
Vous n’avez pas pris ce quiz